Concise inorganic chemistry / (Record no. 3889)

MARC details
000 -LEADER
fixed length control field 01019pam a2200289 a 4500
001 - CONTROL NUMBER
control field 3431586
003 - CONTROL NUMBER IDENTIFIER
control field OSt
005 - DATE AND TIME OF LATEST TRANSACTION
control field 20160506173749.0
008 - FIXED-LENGTH DATA ELEMENTS--GENERAL INFORMATION
fixed length control field 910226s1991 enka b 001 0 eng
010 ## - LIBRARY OF CONGRESS CONTROL NUMBER
LC control number 91009816
020 ## - INTERNATIONAL STANDARD BOOK NUMBER
International Standard Book Number 0412402904 (pbk.)
040 ## - CATALOGING SOURCE
Original cataloging agency DLC
Transcribing agency DLC
Modifying agency DLC
050 00 - LIBRARY OF CONGRESS CALL NUMBER
Classification number QD453.2
Item number .L45 1991
082 00 - DEWEY DECIMAL CLASSIFICATION NUMBER
Classification number 546
Edition number 20
Item number LEE 1991
100 1# - MAIN ENTRY--PERSONAL NAME
Personal name Lee, J. D.
Fuller form of name (John David),
Dates associated with a name 1931-
9 (RLIN) 8539
245 10 - TITLE STATEMENT
Title Concise inorganic chemistry /
Statement of responsibility, etc. J.D. Lee.
250 ## - EDITION STATEMENT
Edition statement 4th ed.
260 ## - PUBLICATION, DISTRIBUTION, ETC. (IMPRINT)
Place of publication, distribution, etc. London ;
-- New York :
Name of publisher, distributor, etc. Chapman & Hall,
Date of publication, distribution, etc. 1991.
300 ## - PHYSICAL DESCRIPTION
Extent xxxv, 1032 p. :
Other physical details ill. ;
Dimensions 25 cm.
500 ## - GENERAL NOTE
General note Rev ed. of: A new concise inorganic chemistry. 3rd ed. 1977.
504 ## - BIBLIOGRAPHY, ETC. NOTE
Bibliography, etc Includes bibliographical references and index.
650 #0 - SUBJECT ADDED ENTRY--TOPICAL TERM
Topical term or geographic name as entry element Chemistry, Physical and theoretical.
9 (RLIN) 2922
650 #0 - SUBJECT ADDED ENTRY--TOPICAL TERM
Topical term or geographic name as entry element Chemical bonds.
9 (RLIN) 8540
906 ## - LOCAL DATA ELEMENT F, LDF (RLIN)
a 7
b cbc
c orignew
d 1
e ocip
f 19
g y-gencatlg
942 ## - ADDED ENTRY ELEMENTS (KOHA)
Source of classification or shelving scheme Dewey Decimal Classification
Koha item type Short Loan
Holdings
Withdrawn status Lost status Source of classification or shelving scheme Damaged status Not for loan Home library Current library Date acquired Inventory number Total Checkouts Full call number Barcode Date last seen Price effective from Koha item type
    Dewey Decimal Classification     MUST Main Library MUST Main Library 06/05/2016 2005/18692   546 LEE 1991 2016-1611 06/05/2016 06/05/2016 Short Loan